Online katalóg knižníc regiónu Turca

Šepkanie anjelov (Record no. 22277)

MARC details
000 -LEADER
fixed length control field 01358cam a2200397 a 4500
001 - CONTROL NUMBER
control field 22277
003 - CONTROL NUMBER IDENTIFIER
control field VRT
005 - DATE AND TIME OF LATEST TRANSACTION
control field 20260324162903.0
008 - FIXED-LENGTH DATA ELEMENTS--GENERAL INFORMATION
fixed length control field 181130s2016 xo g 000 f slo
015 ## - NATIONAL BIBLIOGRAPHY NUMBER
National bibliography number SNBA2016/04
020 ## - INTERNATIONAL STANDARD BOOK NUMBER
International Standard Book Number 9788055146232
Qualifying information (viaz.)
035 ## - SYSTEM CONTROL NUMBER
System control number urn:nbn:sk:snk-am00bcx9
035 ## - SYSTEM CONTROL NUMBER
System control number urn:nbn:sk:snk-am3h8vo
035 ## - SYSTEM CONTROL NUMBER
System control number 29B8E975-C3C6-4F9F-9495-1572CE537E51
039 #9 - LEVEL OF BIBLIOGRAPHIC CONTROL AND CODING DETAIL [OBSOLETE]
Level of rules in bibliographic description 202107051437
Level of effort used to assign nonsubject heading access points csnk01
Level of effort used to assign subject headings 202107051406
Level of effort used to assign classification AUTHORITY
Level of effort used to assign subject headings 202107051401
Level of effort used to assign classification AUTHORITY
Level of effort used to assign subject headings 201811301444
Level of effort used to assign classification VLOAD
040 ## - CATALOGING SOURCE
Original cataloging agency POKPOH
Language of cataloging slo
Transcribing agency POKPOH
Modifying agency SNK
Description conventions AACR2
041 0# - LANGUAGE CODE
Language code of text/sound track or separate title slo
044 ## - COUNTRY OF PUBLISHING/PRODUCING ENTITY CODE
MARC country code xo
ISO country code SK
072 #7 - SUBJECT CATEGORY CODE
Subject category code 821.162.4-3
Subject category code subdivision Slovenská próza
Source konspekt
080 ## - UNIVERSAL DECIMAL CLASSIFICATION NUMBER
Universal Decimal Classification number 821.162.4-31
Edition identifier 2011
100 1# - MAIN ENTRY--PERSONAL NAME
Personal name Bazalová, Bea,
Dates associated with a name 1964-
Relationship aut
245 10 - TITLE STATEMENT
Title Šepkanie anjelov
Statement of responsibility, etc. Bea Bazalová
250 ## - EDITION STATEMENT
Edition statement 1. vyd.
260 ## - PUBLICATION, DISTRIBUTION, ETC.
Place of publication, distribution, etc. Bratislava
Name of publisher, distributor, etc. Ikar
Date of publication, distribution, etc. 2016
300 ## - PHYSICAL DESCRIPTION
Extent 255 s.
Dimensions 21 cm
655 #7 - INDEX TERM--GENRE/FORM
Genre/form data or focus term slovenské romány
Source of term SNKPH
655 #7 - INDEX TERM--GENRE/FORM
Genre/form data or focus term Slovak fiction
Source of term SNKPHeng
910 ## - USER-OPTION DATA (OCLC)
User-option data snk
942 ## - ADDED ENTRY ELEMENTS (KOHA)
Source of classification or shelving scheme Dewey Decimal Classification
Koha item type Krásna literatúra pre dospelých
Suppress in OPAC No
949 ## - LOCAL PROCESSING INFORMATION (OCLC)
6 17A1182279
a snkSC 168170 D1
b snk2016/7124
o 290/16
949 ## - LOCAL PROCESSING INFORMATION (OCLC)
6 17A1180463
a snkSC 168170
b snk2016/4137
o 290/2016
s 6100:20160415
949 ## - LOCAL PROCESSING INFORMATION (OCLC)
6 3869A18267
a bpksh821.162.4-31
b bpksh68770
949 ## - LOCAL PROCESSING INFORMATION (OCLC)
6 270001000524689
a svkbbA 147132
b svkbbm 742833
949 ## - LOCAL PROCESSING INFORMATION (OCLC)
6 273K0599307
a svkpoA 228123
b svkpo594116
949 ## - LOCAL PROCESSING INFORMATION (OCLC)
6 2889215500
a savukPV 22054
b savuk2016/804
Holdings
Stav vyradenia Strata Poškodenie Spôsob nadobudnutia Domovská knižnica Aktuálna knižnica Dátum nadobudnutia Total checkouts Čiarový kód exemplára Date last seen Typ exemplára
      Dar Obecná knižnica Horná Štubňa Obecná knižnica Horná Štubňa 24.03.2026   9788055146232 24.03.2026 Krásna literatúra pre dospelých
Projekt je podporený Slovenskou asociáciou knižníc
Prevádzkuje Turčianska knižnica Martin 2026